| 000 | 00847pam a2200289 i 4500 | ||
|---|---|---|---|
| 001 | 17159 | ||
| 003 | BD-RjUL | ||
| 005 | 20211209000110.0 | ||
| 008 | 140216s1979 nyua b 001 0 eng | ||
| 020 | _a0070255687 | ||
| 035 | _a(BD-RjUL)17216 | ||
| 040 |
_aDLC _cDLC _dDLC _beng |
||
| 041 | _aeng | ||
| 082 | 0 | 0 |
_a658.15 _bHAT 1979 |
| 100 | 1 |
_aHaley, Charles W. _949243 |
|
| 245 | 1 | 4 |
_aThe theory of financial decisions / _cCharles W. Haley, Lawrence D. Schall. |
| 250 | _a2d ed. | ||
| 260 |
_aNew York : _bMcGraw-Hill, _cc1979. |
||
| 300 |
_axvi, 508 p. : _bill. ; _c25 cm. |
||
| 490 | 0 | _aMcGraw-Hill series in finance | |
| 504 | _aIncludes index. | ||
| 650 | 0 |
_aBusiness enterprises _xFinance. _952929 |
|
| 700 | 1 |
_aSchall, Lawrence D., _ejoint author. _949240 |
|
| 942 |
_2ddc _cBK |
||
| 999 |
_c17159 _d17159 |
||